000 00515cam a2200181 4500
001 D1157
008 090401t1982 xxu||||| |||| 00| 0 eng d
035 _a(Sirsi) u62743
041 _aeng
050 _a658.990994
110 _aThe Australian Institute of Quantity Surveyors
_92374
245 _aDesign and construct systems: a comparative report
260 _aCrows Nest, NSW
_bThe Australian Institute of Quantity Sur
_c1982
300 _ac105p. 30cm
350 _a18.15
942 _n0
948 _c04/03/1997
999 _c94478
_d94478